[Event "NED-ch U16 op"]
[Site "Borne"]
[Date "2013.08.07"]
[Round "4"]
[White "Kootstra, Jelmer"]
[Black "Oosterbaan, Tristan"]
[Result "1-0"]
[WhiteElo "1321"]
[BlackElo "1543"]
[PlyCount "81"]
[EventDate "2013.08.05"]
[EventType "swiss"]
[EventRounds "9"]
[EventCountry "NED"]
[SourceTitle "EXT 2015"]
[Source "ChessBase"]
[SourceDate "2014.11.20"]
[SourceVersion "1"]
[SourceVersionDate "2014.11.20"]
[SourceQuality "1"]

1. b4 d5 2. Bb2 Qd6 3. a3 e5 4. d3 Nf6 5. Nd2 b6 6. c4 d4 7. Ngf3 Nbd7 8. e4 g6 9. g3 Bh6 10. Bg2 a5 11. Qb3 0-0 12. 0-0 Nb8 13. b5 Nbd7 14. a4 Nc5 15. Qc2 Be6 16. Nb3 Nfd7 17. Ba3 f5 18. Nfd2 Rae8 19. exf5 Bxf5 20. Bd5+ Kh8 21. Ne4 Bxe4 22. Bxe4 Qe6 23. Bxc5 Nxc5 24. Nxc5 bxc5 25. Rae1 Rf6 26. Qe2 Qh3 27. Bg2 Qf5 28. f4 Rfe6 29. fxe5 Be3+ 30. Kh1 Qxe5 31. Be4 Qg5 32. Qf3 R6e7 33. Bc6 Rd8 34. Bd5 Kg7 35. Qg2 Qh5 36. Rf3 Rxd5 37. cxd5 Qxd5 38. Rf2 Qxg2+ 39. Kxg2 Re6 40. Rc2 Rf6 41. Rf1 1-0

[Event "NED-ch U16 op"]
[Site "Borne"]
[Date "2013.08.07"]
[Round "5"]
[White "Reichardt, Monica"]
[Black "Kootstra, Jelmer"]
[Result "0-1"]
[WhiteElo "1454"]
[BlackElo "1321"]
[PlyCount "146"]
[EventDate "2013.08.05"]
[EventType "swiss"]
[EventRounds "9"]
[EventCountry "NED"]
[SourceTitle "EXT 2015"]
[Source "ChessBase"]
[SourceDate "2014.11.20"]
[SourceVersion "1"]
[SourceVersionDate "2014.11.20"]
[SourceQuality "1"]

1. e4 e6 2. Nc3 d5 3. exd5 exd5 4. d4 Nf6 5. Nf3 Be6 6. Bd3 c5 7. dxc5 Bxc5 8. Bb5+ Nc6 9. 0-0 0-0 10. Bg5 Be7 11. Re1 h6 12. Be3 Bf5 13. Qd2 Be4 14. Nd4 Nxd4 15. Bxd4 Bb4 16. Bd3 Re8 17. a3 Bxc3 18. Qxc3 Re6 19. Bxf6 Qxf6 20. Qxf6 gxf6 21. Rad1 Rae8 22. Bxe4 dxe4 23. Rd7 R6e7 24. Rxe7 Rxe7 25. f3 f5 26. Kf2 Kg7 27. fxe4 fxe4 28. Ke3 f5 29. Kf4 Kf6 30. Re3 Rc7 31. c3 Rg7 32. Re2 Rd7 33. h3 h5 34. g4 hxg4 35. hxg4 fxg4 36. Rxe4 Rd2 37. b3 Rd3 38. Rc4 g3 39. Rc8 g2 40. Rg8 Rxc3 41. Rxg2 Rxb3 42. Ra2 Ke6 43. Ke4 Rc3 44. Kd4 Rc1 45. Rb2 b6 46. Rb3 Kd6 47. Rb4 Kc6 48. Rc4+ Rxc4+ 49. Kxc4 a6 50. a4 Kd6 51. Kb4 Kd5 52. a5 b5 53. Kc3 Kc5 54. Kb3 Kd4 55. Kb4 Kd3 56. Kb3 Kd2 57. Kb2 Kd3 58. Kb3 Kd4 59. Kb4 Kd5 60. Kc3 Kc5 61. Kb3 b4 62. Kb2 Kb5 63. Kc2 Kxa5 64. Kb3 Kb5 65. Kb2 a5 66. Kb3 a4+ 67. Kb2 Kc4 68. Kc2 b3+ 69. Kb2 Kb4 70. Kb1 a3 71. Ka1 b2+ 72. Kb1 Kc3 73. Ka2 Kc2 0-1

[Event "NED-ch U16 op"]
[Site "Borne"]
[Date "2013.08.05"]
[Round "1"]
[White "Chang, Hawkie"]
[Black "Kootstra, Jelmer"]
[Result "1-0"]
[WhiteElo "1757"]
[BlackElo "1321"]
[PlyCount "95"]
[EventDate "2013.08.05"]
[EventType "swiss"]
[EventRounds "9"]
[EventCountry "NED"]
[SourceTitle "EXT 2015"]
[Source "ChessBase"]
[SourceDate "2014.11.20"]
[SourceVersion "1"]
[SourceVersionDate "2014.11.20"]
[SourceQuality "1"]

1. e4 e6 2. d4 d5 3. Nc3 Nf6 4. Bg5 Be7 5. e5 Nfd7 6. Bxe7 Qxe7 7. f4 a6 8. Nf3 c5 9. Qd2 Nc6 10. 0-0-0 f6 11. exf6 Qxf6 12. g3 cxd4 13. Nxd4 Nxd4 14. Qxd4 Qxd4 15. Rxd4 Nf6 16. Bg2 0-0 17. Re1 Re8 18. Rd2 Bd7 19. f5 Rad8 20. fxe6 Bxe6 21. Nxd5 Nxd5 22. Bxd5 Bxd5 23. Rxe8+ Rxe8 24. Rxd5 Re2 25. Rd8+ Kf7 26. Rd7+ Kf8 27. Rxb7 Rxh2 28. Rd7 Rh1+ 29. Kd2 Rh2+ 30. Kc3 Rf2 31. Rd3 Ke7 32. Kb3 Ke6 33. c4 g5 34. c5 g4 35. c6 Rf3 36. Kc3 h5 37. Rxf3 gxf3 38. Kd3 f2 39. Ke2 f1Q+ 40. Kxf1 Kd6 41. Kg2 Kxc6 42. Kh3 Kd5 43. Kh4 Kd4 44. Kxh5 Kd3 45. g4 Kc2 46. g5 Kxb2 47. g6 Kxa2 48. g7 1-0